书目信息 |
| 题名: |
铁道游击队
|
|
| 作者: | 知侠 著 | |
| 分册: | ||
| 出版信息: | 长春 时代文艺出版社 2010.02 |
|
| 页数: | 149页 | |
| 开本: | 21cm | |
| 丛书名: | 红色经典 励志中国 | |
| 单 册: | ||
| 中图分类: | I247.5 | |
| 科图分类: | ||
| 主题词: | 长篇小说--中国--现代--缩写本 | |
| 电子资源: | ||
| ISBN: | 978-7-5387-2647-3 | |
| 000 | 00670nam 2200241 450 | |
| 005 | 20100812165412.51 | |
| 010 | @a978-7-5387-2647-3@dCNY19.00 | |
| 100 | @a20100515d2010 em y0chiy50 ea | |
| 101 | 0 | @achi |
| 102 | @aCN@b220000 | |
| 105 | @ay z 000yy | |
| 200 | 1 | @a铁道游击队@Atie dao you ji dui@f知侠著 |
| 205 | @a第2版 | |
| 210 | @a长春@c时代文艺出版社@d2010.02 | |
| 215 | @a149页@d21cm | |
| 225 | 2 | @a红色经典 励志中国 |
| 330 | @a这是一部描写抗日战争的小说。 | |
| 410 | 0 | @12001 @a红色经典 励志中国 |
| 606 | 0 | @a长篇小说@y中国@z现代@j缩写本 |
| 690 | @aI247.5@v4 | |
| 701 | 0 | @a知侠@Azhi xia@4著 |
| 801 | 0 | @aCN@c20100515 |
| 905 | @dI247.5@eZ4705=2@f5 | |
| 铁道游击队/知侠著.-第2版.-长春:时代文艺出版社,2010.02 |
| 149页;21cm.-(红色经典 励志中国) |
| ISBN 978-7-5387-2647-3:CNY19.00 |
| 这是一部描写抗日战争的小说。 |
| ● |
| 相关链接 |
|
|
|
正题名:铁道游击队
索取号:I247.5/Z4705=2
 
预约/预借
| 序号 | 登录号 | 条形码 | 馆藏地/架位号 | 状态 | 备注 |
| 1 | 1026538 | 210265381 | 文学库108/108文学库 42排4列5层/ [索取号:I247.5/Z4705=2] | 在馆 | |
| 2 | 1026539 | 210265390 | 文学库108/108文学库 42排4列5层/ [索取号:I247.5/Z4705=2] | 在馆 | |
| 3 | 1026540 | 210265407 | 文学库108/108文学库 42排4列5层/ [索取号:I247.5/Z4705=2] | 在馆 | |
| 4 | 1026541 | 210265416 | 文学库108/108文学库 42排4列5层/ [索取号:I247.5/Z4705=2] | 在馆 | |
| 5 | 1026542 | 210265425 | 文学库108/108文学库 42排4列5层/ [索取号:I247.5/Z4705=2] | 在馆 |